000 00987nam a22001817a 4500
003 OSt
005 20251111164018.0
008 251111b |||||||| |||| 00| 0 eng d
040 _cDCL
082 _a၂၉၄.၃၈၂၄၂
130 _aတိပိဋက။
_pအဘိဓမ္မာပိဋက။
_tဝိဘင်္ဂ၊
_lပါဠိတော်၊
_sနိဿယ။
245 _aဝိဘင်းပါဠိတော်နိဿယ /
_cရာဇဂုရုဆရာတော်ကြီး။
264 _aရန်ကုန် ၊
_bသုဓမ္မဝတီစာပုံနှိပ်တိုက်၊
_c၁၉၀၈။
300 _aဋ၊ ၄၄၀ စာမျက်နှာ ၊
_c၂၆ စင်တီ။
650 _aဝိဘင်္ဂ
_vပါဠိတော်နိဿယ။
700 _aရာဇဂုရုဆရာတော်ကြီး
942 _2ddc
_cSHORT TERM
_n0
999 _c2455
_d2455